Statistiche per Inno nazionale italiano

Clicka qui per fare il quiz!

Statistiche generali

  • Questo quiz è stato fatto 1.249 volte
  • Il punteggio medio è 8 su 12

Statistiche sulle risposte

HintRisposta% Corretto
1{Fratelli} {d}'{Italia}
100%
2{l}'{Italia} {s}'{è} {desta}
91%
5{Dov}'{è} {la} {Vittoria}?
86%
4{s}'{è} {cinta} {la} {testa}
84%
3{dell}'{Elmo} {di} {Scipio}
80%
7{ché} {schiava} {di} {Roma}
72%
6{Le} {porga} {la} {chioma}
67%
8{Iddio} {la} {creò}.
66%
10{siam} {pronti} {alla} {morte}.
52%
12{l}'{Italia} {chiamò}.
50%
11{Siam} {pronti} {alla} {morte},
49%
9{Stringiamci} {a} {coorte},
47%

Distribuzione punteggi

Percentile per numero di risposta

Percentuale di utenti per punteggio

I tuoi punteggi nel tempo

Non hai fatto questo quiz